Представление документа в формате MARC21

Поле Инд. ПП Название Значение
Тип записи a
Библиографический уровень m
001 _ Контрольный номер RU\infra-m\znanium\bibl\754628
005 _ Дата корректировки 20250915104204.3
008 Кодируемые данные 200417s2016 RU g rus u
020 a ISBN 978-5-4263-0238-9
040 a Служба первич. каталог. Общество с ограниченной ответственностью «ЗНАНИУМ»
041 a Код языка текста rus
044 a Код страны публикации RU
080 a Индекс УДК 581.4
084 2 Источник индекса rubbk
a Индекс другой классификации/Индекс ББК 26.06
084 2 Источник индекса okso
a Индекс другой классификации/Индекс ББК 06.03.01
084 2 Источник индекса okso
a Индекс другой классификации/Индекс ББК 35.03.10
100 1_ a Автор Викторов Владимир Павлович
q Полное имя Владимир Павлович
245 a Заглавие Морфология растений
b Продолж. заглавия Учебное пособие
c Ответственность Московский педагогический государственный университет
260 a Место издания Москва
b Издательство Московский педагогический государственный университет
c Дата издания 2015
300 a Объем 96 с.
520 a Аннотация В пособии рассмотрены вопросы связанные со строением и разнообразием вегетативных и генеративных органов. Принят единый порядок изложения материала: определение функции особенности строения и их многообразие в виде классификации по конкретным признакам.
521 a Примеч. о целев. назн. ВО - Бакалавриат
650 a Основная рубрика Биологические науки
x Основная подрубрика Генетика, цитология, морфология, анатомия и гистология растений
852 x Примечание, не предназначенное для пользователя znanium2023
856 4_ a Имя сервера/домена znanium.com
m Помощь ebs_support@infra-m.ru
n Местонахождение сервера НИЦ ИНФРА-М
u URL https://znanium.com/catalog/document?id=122097
z Примечание для пользователя Участвует в КО
856 41 a Имя сервера/домена znanium.com
d Путь /cover/0754
f Электронное имя 754628.jpg
q Тип электронного формата image/jpeg
u URL https://znanium.com/cover/0754/754628.jpg